Fray Martín Sarmiento (1695-1772) / (Record no. 188831)
[ view plain ]
| 000 -LEADER | |
|---|---|
| campo de control de longitud fija | 01111nam a2200277 i 4500 |
| 001 - NÚMERO DE CONTROL | |
| campo de control | 188831 |
| 003 - IDENTIFICADOR DE NÚMERO DE CONTROL | |
| campo de control | SpMaBN |
| 005 - FECHA Y HORA DE LA ÚLTIMA TRANSACCIÓN | |
| campo de control | 20250730063201.0 |
| 008 - DATOS DE LONGITUD FIJA--INFORMACIÓN GENERAL | |
| campo de control de longitud fija | 190218s1994 sp a |||| |dspa d |
| 020 ## - NÚMERO INTERNACIONAL ESTÁNDAR DEL LIBRO | |
| Número Internacional Estándar del Libro | 84-87819-65-6 |
| 080 ## - NÚMERO DE LA CLASIFICACIÓN DECIMAL UNIVERSAL | |
| Número de la Clasificación Decimal Universal | 929 Sarmiento, Martín |
| 100 1# - ENTRADA PRINCIPAL--NOMBRE DE PERSONA | |
| Nombre de persona | Filgueira Valverde, José, |
| Fechas asociadas al nombre | 1906-1996 |
| 9 (RLIN) | 50833 |
| 245 10 - MENCIÓN DEL TÍTULO | |
| Título | Fray Martín Sarmiento (1695-1772) / |
| Mención de responsabilidad, etc. | por José Filgueira Valverde. |
| 250 ## - MENCION DE EDICION | |
| Mención de edición | 1ª ed. |
| 260 ## - PUBLICACIÓN, DISTRIBUCIÓN, ETC. | |
| Lugar de publicación, distribución, etc. | La Coruña : |
| Nombre del editor, distribuidor, etc. | Fundación Pedro Barrié de la Maza, |
| Fecha de publicación, distribución, etc. | 1994. |
| 300 ## - DESCRIPCIÓN FÍSICA | |
| Extensión | 141 p. : |
| Otras características físicas | il. n. ; |
| Dimensiones | 23 cm. |
| 490 1# - MENCIÓN DE SERIE | |
| Mención de serie | Ilustrados, sociólogos y economistas gallegos |
| 504 ## - NOTA DE BIBLIOGRAFÍA, ETC. | |
| Nota de bibliografía, etc. | Bibliografía: p. 105-122. |
| 600 04 - PUNTO DE ACCESO ADICIONAL DE MATERIA--NOMBRE DE PERSONA | |
| Nombre de persona | Martín Sarmiento, |
| Títulos y otros términos asociados al nombre | Fray, |
| Fechas asociadas al nombre | 1695-1772 |
| 9 (RLIN) | 166281 |
| 710 2# - ENTRADA AGREGADA--NOMBRE DE ENTIDAD CORPORATIVA | |
| Nombre de entidad corporativa o nombre de jurisdicción como elemento de entrada | Fundación Pedro Barrié de la Maza, Conde de Fenosa |
| 9 (RLIN) | 176439 |
| 830 00 - PUNTO DE ACCESO ADICIONAL DE SERIE-TÍTULO UNIFORME | |
| Título uniforme | Ilustrados, sociólogos y economistas gallegos |
| 9 (RLIN) | 193139 |
| 852 ## - LOCALIZACIÓN | |
| Ubicación | ES-MaACL |
| Número de control de estantería | A-14351 |
| itemnumber | 195965 |
| Sublocalización o colección | R.151643 |
| Ubicación en estantería | Depósito 1 |
| Signatura antigua | Olim: N-7351 |
| Donativo/Legado | Donación: Fundación Barrié |
| 914 ## - NOMBRE ENTIDAD DE DONANTE | |
| Nombre de congreso/reunión o jurisdicción como elemento de entrada | Fundación Pedro Barrié de la Maza, Conde de Fenosa |
| Unidad subordinada | Donante |
| RLIN | 176439 |
| 942 ## - ELEMENTOS DE ENTRADA SECUNDARIOS (KOHA) | |
| Fuente del sistema de clasificación o colocación | Clasificación decimal universal |
| Tipo de ítem Koha | Libro impreso |
| Estatus retirado | Estado de pérdida | Fuente del sistema de clasificación o colocación | Estado de daño | No para préstamo | Biblioteca de origen | Biblioteca actual | Ubicación en estantería | Fecha de adquisición | Fuente de adquisición | Total de préstamos | Signatura topográfica completa | Código de barras | Visto por última vez | Precio de reemplazo | Tipo de ítem Koha |
|---|---|---|---|---|---|---|---|---|---|---|---|---|---|---|---|
| Clasificación decimal universal | Biblioteca del Ateneo de Madrid | Biblioteca del Ateneo de Madrid | Depósito 1 | 18/02/2019 | Donación | A-14351 | 1199966 | 23/02/2023 | 23/02/2023 | Libro impreso |
